La vertebracin̤ de Quebec en el modelo federal canadiense 1® parte

Bibliographic Details
Main Author: Torres Gutiřrez, Alejandro
Format: eBook
Language:Spanish
Published: Madrid: Dykinson, 2019
Subjects:
Online Access:Acceso restringido

MARC

LEADER 00000nam a22000007a 4500
005 20200527164940.0
007 cr|||| ||||
008 200527s2019 ca |||||s|||| 00||0 spa d
020 |a 978-84-1324-633-8 
035 |a 31475 
040 |a vLex 
090 |c 10399  |d 10399 
100 1 |a Torres Gutiřrez, Alejandro 
245 1 2 |a La vertebracin̤ de Quebec en el modelo federal canadiense  |h [Recurso electrn̤ico] /  |c Alejandro Torres Gutiřrez  |n 1® parte 
256 |a Servicio en ln̕ea 
260 |a Madrid:  |b Dykinson,  |c 2019 
300 |a 1 recurso electrn̤ico 
500 |a La configuracin̤ del modelo federal de Canad:̀ desde el pero̕do colonial hasta la promulgacin̤ de la Ley constitucional de 1982. 
506 1 |a Disponible solo en los productos indicados  |d vLex Global  |d vLex Global (Academic Edition, excluding Law Schools)  |d vLex Global (U.S. Academic Edition, Law Schools)  |d vLex Global (U.S. Academic Edition, excluding Law Schools)  |d vLex Global (Academic Edition, Law Schools) 
650 0 4 |a Derecho Constitucional  |z Canad̀ 
740 0 |a vLex Libros (Servicio en ln̕ea) 
856 4 0 |u http://vlex.com/source/vertebracion-quebec-modelo-federal-canadiense-1-parte-31475  |z Acceso restringido 
942 |c BOOK 
999 0 |a Constitutional right